Velkoplošné sálavé vytápění : Podlahové,stěnové a stropní vytápění a chlazení

Na minha lista:
Detalhes bibliográficos
Autor principal: Bašta, Jiří (Author)
Formato: Livro
Idioma:tcheco
Publicado em: Praha : Grada Publishing, 2010
Edição:1.vyd.
Tags: Adicionar Tag
Sem tags, seja o primeiro a adicionar uma tag!

MARC

LEADER 00000nam a22000003a 4500
001 stu238287
005 20240130134427.7
008 111110s2010----xr------------------cze-d
020 |a 978-80-247-3524-5 
040 |a STU  |b slo 
041 0 |a cze 
044 |a xr 
080 |a 697.1 
100 1 |a Bašta, Jiří  |4 aut 
245 1 |a Velkoplošné sálavé vytápění :  |b Podlahové,stěnové a stropní vytápění a chlazení 
250 |a 1.vyd. 
260 |a Praha :  |b Grada Publishing,  |c 2010 
300 |a 128 s 
996 |b 284V031480  |c V*51085/O-22840  |l VVT  |s A  |a 24  |w stu238287_0001 
996 |b 284V040248  |c V* 52465/O-23622  |l VVS  |s A  |a 24  |w stu238287_0002 
996 |b 284V037703  |c V* 53281/O-24441  |l VVS  |s A  |a 24  |w stu238287_0003